AU LIBRARIES
Centralized Library System Across Seven Campuses

Airport Management (Record no. 47350)

MARC details
000 -LEADER
fixed length control field 00493nam a2200181 4500
005 - DATE AND TIME OF LATEST TRANSACTION
control field 20260420140517.0
008 - FIXED-LENGTH DATA ELEMENTS--GENERAL INFORMATION
fixed length control field 260420b |||||||| |||| 00| 0 eng d
020 ## - INTERNATIONAL STANDARD BOOK NUMBER
ISBN 978-1619542099
082 ## - DEWEY DECIMAL CLASSIFICATION NUMBER
Classification number 387.736
Author Mark PRA-A
100 ## - MAIN ENTRY--AUTHOR
Author Name Prather, C. Daniel
245 ## - TITLE STATEMENT
Title Airport Management
260 ## - PUBLICATION, DISTRIBUTION, ETC.
Place of Publication Washington:
Name of publisher, distributor, etc. Aviation Supplies & Academics, Inc,
Date of publication, distribution, etc. 2015
300 ## - PHYSICAL DESCRIPTION
Pages xvi, 633p
500 ## - GENERAL NOTE
General note Includes Index.
650 ## - SUBJECT ADDED ENTRY--TOPICAL TERM
Subject / Department Management Science
650 ## - SUBJECT ADDED ENTRY--TOPICAL TERM
Subject / Department Airport United States
942 ## - ADDED ENTRY ELEMENTS (KOHA)
Koha item type Book
Holdings
Withdrawn status Lost status Damaged status Not for loan Collection code Permanent Location Current Location Shelving Location Date acquired Source of acquisition Total Checkouts Full Call Number Accession No./Barcode Date last seen Koha item type
        Computer Science Air University Multan Campus Library Air University Multan Campus Library Computer Science 04/20/2026 Ali book service   387.736 PRA-A P005362 04/20/2026 Book
        Management Science Air University Multan Campus Library Air University Multan Campus Library Aviation Management 04/20/2026 Ali book service   387.736 PRA-A P005361 04/20/2026 Book
Air University Sector E-9, Islamabad Pakistan
Email: librarian@au.edu.pk  Tel : +0092 51 9262612 Ext: 631